000 00624nam a2200205 a 4500
001 84596
003 BD-RjUL
005 20250119110345.0
008 250114s1961 pk ||||| |||| 00| 0 eng d
035 _a(BD-RjUL)84596
040 _aBD-RjUL
_beng
_cBD-RjUL
041 _aeng
082 _223
_a349.549
_bGOC 1960
110 _aThe Government of East Pakistan
_914800
245 _aThe Central Acts and Ordinance for the Year 1960 /
_cThe Government of East Pakistan
260 _aKarachi :
_bManager of Pub.,
_c1961
300 _aVarious Paging;
_c25 cm.
650 _aOrdinances
_xEast Pakistan
_914801
942 _2ddc
_cBK
999 _c84596
_d84596